Štíhlá výroba a logistika

Podniková filozofia "lean" /štíhly/. Pôvod a ciele štíhlej výroby. Realizácia myšlienok štíhlej výroby na príklade automobilového priemyslu. Úloha logistiky v koncepte štíhlej výroby.

Salvato in:
Dettagli Bibliografici
Autore principale: Kubát, Jiří
Natura: Capitolo di libro
Lingua:ceco
Soggetti:
Tags: Aggiungi Tag
Nessun Tag, puoi essere il primo ad aggiungerne!!

MARC

LEADER 00000naa a2200000 4500
001 r032009
005 20230922090338.0
041 0 |a cze 
044 |a CZ 
245 1 0 |a Štíhlá výroba a logistika  |c Jiří Kubát 
520 |a Podniková filozofia "lean" /štíhly/. Pôvod a ciele štíhlej výroby. Realizácia myšlienok štíhlej výroby na príklade automobilového priemyslu. Úloha logistiky v koncepte štíhlej výroby. 
610 2 0 |a výroba štíhla 
610 2 0 |a manažment 
610 2 0 |a náklady 
610 2 0 |a distribúcia 
610 2 0 |a komunikácia 
610 2 0 |a vzťahy dodávateľsko-odberateľské 
610 2 0 |a priemysel automobilový 
610 2 0 |a trh 
610 2 0 |a logistika 
100 1 |a Kubát, Jiří